|
|
|
|
| LEADER |
01260cas a2200241 a 4500 |
| 001 |
AALejournalIMF004595 |
| 008 |
230101c9999 xx r poo 0 0eng d |
| 020 |
|
|
|c 5.00 USD
|
| 020 |
|
|
|z 9781451968835
|
| 022 |
|
|
|a 0047-083X
|
| 040 |
|
|
|a BD-DhAAL
|c BD-DhAAL
|
| 110 |
2 |
|
|a International Monetary Fund.
|b External Relations Dept.
|
| 245 |
1 |
0 |
|a IMF Survey, Volume 35, Issue 20.
|
| 264 |
|
1 |
|a Washington, D.C. :
|b International Monetary Fund,
|c 2006.
|
| 300 |
|
|
|a 1 online resource (16 pages)
|
| 490 |
1 |
|
|a IMF Survey
|
| 500 |
|
|
|a <strong>Off-Campus Access:</strong> No User ID or Password Required
|
| 500 |
|
|
|a <strong>On-Campus Access:</strong> No User ID or Password Required
|
| 506 |
|
|
|a Electronic access restricted to authorized BRAC University faculty, staff and students
|
| 520 |
3 |
|
|a Murilo Portugal, Agustin Carstens, Kyrgyz Republic, HIPC, central Asia, Indonesian debt, Saudi Arabian economy, Peter Kenen, European Central Bank, ECB, Danish economy, flexicurity,Burundi's economy, aid volatility, Indian and China, Doing Business.
|
| 538 |
|
|
|a Mode of access: Internet
|
| 830 |
|
0 |
|a IMF Survey; IMF Survey ;
|v No. 0035/020
|
| 856 |
4 |
0 |
|z Full text available on IMF
|u http://elibrary.imf.org/view/journals/023/0035/020/023.0035.issue-020-en.xml
|z IMF e-Library
|